000 00677cam a2200229 a 4500
001 15235177
005 20180316043459.0
008 080327s2009 mau 001 0 eng
010 _a 2008925876
020 _a9780312474997 (pbk.)
020 _a0312474997 (pbk.)
040 _aDLC
_cDLC
_dDLC
041 _aeng
080 _a808.042
082 0 0 _a808.042 GAR
_222
100 1 _a25
101 _aEDU
245 1 0 _aWriting about literature :
_cJanet E. Gardner.
906 _a7
_bcbc
_corignew
_d3
_eepcn
_f20
_gy-gencatlg
942 _2ddc
_cBK
999 _c45202
_d45202